| 000 | 00680nam a2200205 i 4500 | ||
|---|---|---|---|
| 001 | 78823 | ||
| 003 | ES-MaACL | ||
| 005 | 20230906173828.0 | ||
| 007 | t| | ||
| 008 | 041018s1974 sp ||||1| spa d | ||
| 100 | 1 |
_aHegel, Georg Wilhelm Friedrich. _962316 |
|
| 245 | 1 | 0 |
_aEn torno a Hegel / _cGeorg Wilhelm Friedrich Hegel ; A. Alvarez Bolado... [et al.]. |
| 260 |
_aGranada : _bUniversidad de Granada, Departamento de Filosofía, _c[1974] |
||
| 300 |
_a381 p. ; _c21 cm. |
||
| 490 | 1 | _aColección monográfica | |
| 700 | 1 |
_aÁlvarez Bolado, Alfonso. _920708 |
|
| 830 | 0 |
_aColección monográfica _9181433 |
|
| 852 |
_aES-MaACL _jE-6110 _bR.90511 |
||
| 999 |
_c78823 _d78823 |
||